| 000 | 00527 a2200193 4500 | ||
|---|---|---|---|
| 005 | 20251218112839.0 | ||
| 008 | 251218b |||||||| |||| 00| 0 eng d | ||
| 020 |
_a9789390619924 _cRs. 295.00 |
||
| 040 | _aMAIN | ||
| 082 |
_a613.1 _bG41T(2) |
||
| 100 | _aGill, K K | ||
| 245 | _aTextbook of environmental hygiene for nursing students | ||
| 250 | _a2nd | ||
| 260 |
_bCBS Publishers and Distributors _c2025 _aNew Delhi |
||
| 300 | _axix, 158 | ||
| 650 | _aEnvironmental Hygiene | ||
| 650 | _aPublic Health | ||
| 942 | _cBK | ||
| 999 |
_c393662 _d393662 |
||